<?xml version="1.0" encoding="UTF-8"?>
<marc:record xmlns:marc="http://www.loc.gov/MARC21/slim">
   <marc:leader>00000nam a2200000 a 4500</marc:leader>
   <marc:datafield ind1="1" ind2=" " tag="100">
      <marc:subfield code="a">Nordqvist, Sven</marc:subfield>
      <marc:subfield code="4">aut</marc:subfield>
      <marc:subfield code="e">Verfasser/-in</marc:subfield>
   </marc:datafield>
   <marc:datafield ind1="1" ind2=" " tag="100">
      <marc:subfield code="a">Nordqvist, Sven</marc:subfield>
      <marc:subfield code="4">ill</marc:subfield>
      <marc:subfield code="e">Illustrator/-in</marc:subfield>
   </marc:datafield>
   <marc:datafield ind1="1" ind2=" " tag="100">
      <marc:subfield code="a">Nünning, Sarah</marc:subfield>
      <marc:subfield code="4">trl</marc:subfield>
      <marc:subfield code="e">Übersetzer/-in</marc:subfield>
   </marc:datafield>
   <marc:datafield ind1="1" ind2=" " tag="100">
      <marc:subfield code="a">Schubert, Iris</marc:subfield>
      <marc:subfield code="4">trl</marc:subfield>
      <marc:subfield code="e">Übersetzer/-in</marc:subfield>
   </marc:datafield>
   <marc:datafield ind1=" " ind2=" " tag="653">
      <marc:subfield code="a">Softcover / Kinder- und Jugendbücher/Erzählerische Bilderbücher</marc:subfield>
   </marc:datafield>
   <marc:datafield ind1=" " ind2=" " tag="653">
      <marc:subfield code="a">Lernbuch</marc:subfield>
   </marc:datafield>
   <marc:datafield ind1=" " ind2=" " tag="653">
      <marc:subfield code="a">Klassiker</marc:subfield>
   </marc:datafield>
   <marc:datafield ind1=" " ind2=" " tag="653">
      <marc:subfield code="a">Mitmachbuch</marc:subfield>
   </marc:datafield>
   <marc:datafield ind1=" " ind2=" " tag="653">
      <marc:subfield code="a">Mitzählbuch</marc:subfield>
   </marc:datafield>
   <marc:datafield ind1=" " ind2=" " tag="653">
      <marc:subfield code="a">Rechnen ab 4</marc:subfield>
   </marc:datafield>
   <marc:datafield ind1=" " ind2=" " tag="653">
      <marc:subfield code="a">Plus und Minus</marc:subfield>
   </marc:datafield>
   <marc:datafield ind1=" " ind2=" " tag="653">
      <marc:subfield code="a">Zählen lernen</marc:subfield>
   </marc:datafield>
   <marc:datafield ind1=" " ind2=" " tag="653">
      <marc:subfield code="a">Bilderbuch ab 4</marc:subfield>
   </marc:datafield>
   <marc:datafield ind1=" " ind2=" " tag="653">
      <marc:subfield code="a">Vorschulbuch Zahlen</marc:subfield>
   </marc:datafield>
   <marc:datafield ind1=" " ind2=" " tag="653">
      <marc:subfield code="a">Pettersson und Findus</marc:subfield>
   </marc:datafield>
   <marc:datafield ind1=" " ind2=" " tag="653">
      <marc:subfield code="a">Erzählerische Bilderbücher</marc:subfield>
   </marc:datafield>
   <marc:datafield ind1="0" ind2="0" tag="245">
      <marc:subfield code="a">Alle Mucklas einsteigen!</marc:subfield>
   </marc:datafield>
   <marc:datafield ind1="0" ind2="0" tag="245">
      <marc:subfield code="b">Ein Mitzählbuch</marc:subfield>
   </marc:datafield>
   <marc:datafield ind1="0" ind2="0" tag="245">
      <marc:subfield code="c">Sven Nordqvist</marc:subfield>
   </marc:datafield>
   <marc:datafield ind1=" " ind2="1" tag="264">
      <marc:subfield code="a">Hamburg</marc:subfield>
      <marc:subfield code="b">Verlag Friedrich Oetinger GmbH</marc:subfield>
      <marc:subfield code="c">2026</marc:subfield>
   </marc:datafield>
   <marc:datafield ind1="1" ind2=" " tag="490">
      <marc:subfield code="a">Pettersson und Findus</marc:subfield>
   </marc:datafield>
   <marc:datafield ind1="1" ind2=" " tag="520">
      <marc:subfield code="a">Mit den Mucklas spielerisch zählen lernen

Einsteigen, mitzählen und lachen mit den Mucklas aus der Welt von Pettersson und Findus! Im Bahnhof Mucklabü wartet der Zug – und mit ihm jede Menge witzige Mucklas, die ein- und aussteigen möchten. Begleitet von bunten Zahlen auf Felsen, Waggons und Häusern geht’s dann von Bahnhof zu Bahnhof durch eine fantasievolle Landschaft voller wimmeliger Details. Entdeckt ihr Petterssons Hof?
In Sven Nordqvists unverwechselbarem Illustrationsstil erleben Kinder ab 4 Jahren eine lustige Reise durch die bunte Welt der Mucklas. Zum Entdecken und Mitmachen!

Alle Mucklas einsteigen! Ein Mitzählbuch: Ein wimmeliges Rechenbuch für Vorschulkinder

Zahlen lernen leicht gemacht: Witziges Mitmachbuch von Sven Nordqvist über die Grundrechenarten für Kinder ab 4 Jahren.

Eine fröhliche Zählreise: Die Mucklas und ihre lustige Zugfahrt führen Vorschulkinder spielerisch an Plus und Minus heran.

Fantasievoll und detailreich: Sven Nordqvists wimmelige Illustrationen stecken voller kindgerechter Rechenaufgaben zum Entdecken und Mitzählen.

Großer Lernspaß: Das Pettersson-und-Findus-Buch macht Kinder ab 4 Jahren auf unterhaltsame Weise mit den Themen Zahlen und Mengen vertraut.

Die Pettersson und Findus-Bücher von Sven Nordqvist sind seit über 40 Jahren echte Kinderbuchklassiker. Die detailreich illustrierten Geschichten über den erfindungsreichen Pettersson und seinen neugierigen Kater Findus haben die Herzen von Erwachsenen und Kindern auf der ganzen Welt erobert. Für alle Fans der besten Freunde gibt es eine kunterbunte Welt mit vielen tollen Produkten wie Pappbilderbücher, Bilderbücher, Erstlesebücher, Beschäftigungshefte, Hörbücher, Puzzles und Kalender.
</marc:subfield>
   </marc:datafield>
   <marc:datafield ind1=" " ind2=" " tag="020">
      <marc:subfield code="a">9783751208086</marc:subfield>
      <marc:subfield code="9">9783751208086</marc:subfield>
   </marc:datafield>
   <marc:datafield ind1=" " ind2=" " tag="020">
      <marc:subfield code="a">3751208089</marc:subfield>
      <marc:subfield code="9">3751208089</marc:subfield>
   </marc:datafield>
   <marc:datafield ind1=" " ind2=" " tag="041">
      <marc:subfield code="a">ger</marc:subfield>
   </marc:datafield>
   <marc:datafield ind1=" " ind2=" " tag="300">
      <marc:subfield code="a">32 Seiten</marc:subfield>
   </marc:datafield>
</marc:record>
